| 000 | 00569 a2200169 4500 | ||
|---|---|---|---|
| 001 | 066116 | ||
| 003 | OSt | ||
| 005 | 20210914143147.0 | ||
| 008 | |||
| 082 |
_a811.509 _bB38T |
||
| 100 | 1 | _aBeasley, Robecca | |
| 245 | 1 |
_aTheorists of modernist poetry _cby Robecca Beasley |
|
| 260 |
_aLondon _bRoutledge _c2009 |
||
| 300 | _a144p. | ||
| 690 | _aPound, Ezra, 1885-1972; Hulme, T. E. (Thomas Ernest), 1883-1917; Eliot, T. S. (Thomas Stearns), 1888-1965; Modernism (Literature); Poetics; United States; English poetry | ||
| 942 |
_2ddc _cBK |
||
| 999 |
_c307 _d307 |
||